000 00687nam a2200253Ia 4500
001 1997
005 20240113233524.0
007 ta
008 050218s1972 a g b000 u eng u
020 _a81-208-0029-X
040 _aCotton College,Assam
041 _aeng
082 _a491.214
_bSt 11 Re
100 _aStaal, J. F .
245 0 _aA Reader on the Sanskrit Grammarians /
_cJ. F. Staal.
_hTextual Documents
250 _a1st ed /
260 _aDelhi :
_bMotilal Banarsidass Publishers ,
_cc1972.
300 _a558p. :
_bill ;
_c24cm .
653 _aSanskrit Grammarians
653 _aReference
942 _2ddc
_cBK
999 _c1990
_d1990